| 000 | 00636nam a22001577a 4500 | ||
|---|---|---|---|
| 003 | OSt | ||
| 005 | 20160125161917.0 | ||
| 008 | 150918b xxu||||| |||| 00| 0 eng d | ||
| 040 | _cRUA | ||
| 082 | _aAGR LY 2006 BO33 Or.1 | ||
| 100 |
_9814 _aLY, VANNY |
||
| 245 | _aThe impact of iprorteed vegetables on the locat vegetable product in siem reap province,(ឥទ្ធិពលនៃការដាំបន្លៃចូល លើផលិតកម្មបន្លែក្នុងស្រុក នៅខេត្តសៀមមរាប). | ||
| 260 |
_aPHNOM PHEN _bRUA _c2006 |
||
| 300 |
_aXIV,51P. _bILL. _c29CMM. |
||
| 942 |
_2ddc _cAGR |
||
| 999 |
_c786 _d786 |
||